000
00306cam a2200121ua 4500
082
_a
660.2
_b
GRE/PE
100
_a
Green, Don W .
_9
1260
245
_a
Perry`s chemical engineer`s handbook /
250
_a
1 /
260
_a
New York :
_b
McGraw Hill Book Company ,
_c
1982.
300
_a
2210 ; .
942
_c
BK
999
_c
6746
_d
6746